000 02513cam a22001934a 4500
005 20250605164001.0
008 250528s ||||||||||||||||||||||||d
035 _a15636
040 _aGR-AtMCL
_bgre
_dGR-AtMCL
_eAACR2
245 1 _aΕποπτεία Προσωπικού
260 _bΣύγχρονη Εκδοτική,
_c1993
300 _a200
505 0 _aΕισαγωγή, Ο Ανθρώπινος Παράγων, Η Λειτουργία του Προγραμματισμού, Η Λειτουργία της Οργάνωσης, Παρώθηση, Κίνητρα και Αμοιβές, Βελτίωση των Μεθόδων εργασίας και του Περιβάλλοντος, Επικοινωνία, Εφαρμογές της Επικοινωνίας, Έλεγχος της Εργασίας, Ανάθεση Καθηκόντων ή Εξουσιοδότηση, Προγραμματισμός και Δοίκηση του Χρόνου, Σχεδιασμός μιας Εργασίας, Αντιθέσεις και Συγκρούσεις, Πειθαρχικές Ποινές, Το Περιβάλλον Εργασίας, Πληροφοριακά Συστήματα Διοίκησης, Αξιολόγηση της Επίδοσης, Τεχνικές που Χρησιμοποιεί ο Επόπτης, Μελλοντικές Προοπτικές, Βιβλιογραφία.
520 _aΕισαγωγή, Ο Ανθρώπινος Παράγων, Η Λειτουργία του Προγραμματισμού, Η Λειτουργία της Οργάνωσης, Παρώθηση, Κίνητρα και Αμοιβές, Βελτίωση των Μεθόδων εργασίας και του Περιβάλλοντος, Επικοινωνία, Εφαρμογές της Επικοινωνίας, Έλεγχος της Εργασίας, Ανάθεση Καθηκόντων ή Εξουσιοδότηση, Προγραμματισμός και Δοίκηση του Χρόνου, Σχεδιασμός μιας Εργασίας, Αντιθέσεις και Συγκρούσεις, Πειθαρχικές Ποινές, Το Περιβάλλον Εργασίας, Πληροφοριακά Συστήματα Διοίκησης, Αξιολόγηση της Επίδοσης, Τεχνικές που Χρησιμοποιεί ο Επόπτης, Μελλοντικές Προοπτικές, Βιβλιογραφία.
700 1 _aΖαβλανός Μύρων Μ
_91038
942 _cBK
999 _c1201
_d1201